000 01536cam a22004097a 4500
003 CHAP
005 20220329133042.0
008 971013s1990 r 00010 d
010 _a1625
011 _a2597
035 _a1792
040 _cCHAP
090 _aTesis
100 0 0 _aParada Matamoros, María Esther.
_985436
245 1 0 _aParasitismo, preferencia y estimulación kairomonal de Orgilus sp. (HyM): Braconidae sobre Phtorimaea operculella (Zeller) (Lep: Gelechiidae)
_c/por María Esther Parada Mtamoros
260 _aChapingo, Méx. :
_bEl autor,
_c1990
300 _a73 h.
_b: ilus. ; gráfs.
502 _aTesis (Ing. Agr. Esp. en Parasitología Agrícola) -- UACH. Departamento de Parasitología Agrícola
590 _aALEPH
_b10
_c20130110
_lUCH01
_h1209
590 _aBATCH-UPD
_b10
_c20130110
_lUCH01
_h0234
590 _aBATCH-UPD
_b10
_c20130110
_lUCH01
_h1734
590 _aBATCH-UPD
_b10
_c20130409
_lUCH01
_h2258
590 _aBATCH-UPD
_b10
_c20130410
_lUCH01
_h1321
590 _aBATCH-UPD
_b10
_c20130914
_lUCH01
_h0746
590 _aCONVERSION
_b10
_c20130109
_lUCH01
_h1302
650 1 4 _aBraconidae.
_914939
650 1 4 _aGelechiidae.
_947419
650 1 4 _aGnorimoschema operculella.
_948347
650 1 4 _aHimenópteros.
_955474
650 1 4 _aInsectos parásitos y predatores.
_958961
650 1 4 _aOrgilus.
_983569
650 1 4 _aPapa
_xPlagas.
_985270
710 0 _aUACH. Departamento de Parasitología Agrícola.
_9115877
901 _aBK
942 _cTESIS
949 _bBC
_cTES
_d-11285
_eTS1
_h23618
_i1792
_si
999 _c1625
_d1625